000 00627nam a2200229Ia 4500
003 OSt
005 20220924123529.0
006 a|||||r|||| 00| 0
007 ta
008 220923b |||||||| |||| 00| 0 san d
024 _a57596
037 _cTextual
040 _aARTS
_cARTS
_bsan
041 _2san
_asan
082 _aQ1:21x, 15K6 (EPS)
100 _aBose Abinash Chandra
_973001
245 0 _aHymns from the vedas
260 _aNew Delhi
_b Asia Publishing House
_c1966
650 _aRELIGION
942 _hQ1:21x, 15K6 (EPS)
_cTEXL
_2CC
999 _c416139
_d416139